Statistics for US States with the Most Patents per Year

Click here to take the quiz!

General Stats

  • This quiz has been taken 52 times
  • The average score is 12 of 15

Answer Stats

PatentsState% Correct
42876California
100%
11836Texas
100%
16688New York
98%
2902Florida
96%
7855Massachusetts
87%
6331Washington
87%
6444Illinois
85%
4476New Jersey
83%
3684Georgia
74%
3858Ohio
74%
3481Pennsylvania
74%
7634Michigan
72%
3473North Carolina
66%
3295Connecticut
60%
3667Minnesota
53%

Score Distribution

Percentile by Number Answered

Percent of People with Each Score

Your Score History

You have not taken this quiz